Statistics for Dave the Dragon's Collection of Country Shapes

Click here to take the quiz!

General Stats

  • This quiz has been taken 15,646 times
  • The average score is 21 of 29

Answers on the Map

Answers color-coded by a green-red scale on the quiz's map according to % correct below.
 

Answer Stats

Country% Correct
Italy
99%
Norway
98%
Chile
97%
Japan
92%
Somalia
91%
Vietnam
88%
Madagascar
87%
Sudan
83%
Pakistan
81%
Argentina
80%
Portugal
79%
Morocco
75%
Myanmar
75%
Benin
74%
Sweden
72%
Mozambique
71%
Cameroon
69%
Togo
68%
Panama
66%
India
65%
New Zealand
65%
Tunisia
62%
Nepal
61%
Iceland
55%
Paraguay
50%
Cuba
46%
Czechia
42%
Hungary
39%
North Macedonia
33%

Score Distribution

Percentile by Number Answered

Percent of People with Each Score

Your Score History

You have not taken this quiz